000 00700nam a2200229Ia 4500
005 20230517154259.0
008 131103s9999 xx 000 0 und d
020 _a0521296099 (pbk)
_c3.95 pds
040 _aLoreto College
041 _aEnglish
082 _a330.942
_bDEA
100 _aDeane,Phyllis
245 4 _aThe first industrial revolution
_cPhyllis Deane
250 _a2nd ed.
260 _aCambridge
_bCambridge University Press
_c1979 (1990 printing)
300 _aix,318 p.
504 _aIncludes bibliographical references and index
650 _aEconomics - Great Britain - Economical Conditions, 1960 - 1860
651 _aEconomic Geography
850 _aLCLIB
942 _cBK
999 _c7528
_d58007